Datum a čas kvízu

28 Celkem bodů Celkový počet nahraných bodů na tomto kvízu bez doplňovacích otázek.
4. Pořadí na kvízu Konečné umístění týmu na tomto kvízu.

Zaznamenané odpovědi

# Otázka Odpověď Body Výsledky
1. Jak se jmenuje český politik,... Jiří Pospíšil 1
2. Ve volební kampani v Německu s... (Hitlerův) knírek 0
3. Který 56letý americký rockový... Marilyn Manson 0
4. V úterý byl představen Index p... Turnov, Luhačovice 0.5
5. Ve středu byl v městečku Lenze... ve Švýcarsku 1
6. Vítězné téma facebookového hla... Crassus 0
7. Který diktátor dopadl na konci... Benito Mussolini 0
8. Na fotce je rodný dům diktátor... Kim Ir-sen (Kim Il-sung) 1
9. Který diktátor se nechal před... Alexandr Lukašenko 1
10. Ve které zemi vládl diktátor P... Kambodža, Rudí Khmerové 1